Trendy v obchode
Elektropredajne expandujú. Prežiť znamená ponúknuť viac - postavenie malých obchodníkov s elektrospotrebičmi v náročnom konkurenčnom prostredí. Škatule tovar nepredajú - o novom koncepte obchodovania so spotrebnou elektronikou. Elektrospotrebiče sú najviac reklamované. Nakupujeme u špecialistov a v...
Guardado en:
| Autor principal: | |
|---|---|
| Formato: | Capítulo de libro |
| Lenguaje: | eslovaco |
| Materias: | |
| Etiquetas: |
Sin Etiquetas, Sea el primero en etiquetar este registro!
|
MARC
| LEADER | 00000naa a2200000 4500 | ||
|---|---|---|---|
| 001 | r048312 | ||
| 005 | 20231004094352.3 | ||
| 041 | 0 | |a slo | |
| 044 | |a SK | ||
| 245 | 1 | 0 | |a Trendy v obchode |c Daniel Košťál |
| 520 | |a Elektropredajne expandujú. Prežiť znamená ponúknuť viac - postavenie malých obchodníkov s elektrospotrebičmi v náročnom konkurenčnom prostredí. Škatule tovar nepredajú - o novom koncepte obchodovania so spotrebnou elektronikou. Elektrospotrebiče sú najviac reklamované. Nakupujeme u špecialistov a v akciách. | ||
| 610 | 2 | 0 | |a elektronika spotrebná |
| 610 | 2 | 0 | |a obchod |
| 610 | 2 | 0 | |a predajne |
| 610 | 2 | 0 | |a predajcovia |
| 610 | 2 | 0 | |a predaj |
| 610 | 2 | 0 | |a spotrebitelia |
| 610 | 2 | 0 | |a reklamácie |
| 610 | 2 | 0 | |a obaly |
| 610 | 2 | 0 | |a Slovensko |
| 610 | 2 | 0 | |a Česko |
| 100 | 1 | |a Košťál, Daniel | |